| Record ID | ia:word2003allinone00lowe |
| Source | Internet Archive |
| Download MARC XML | https://archive.org/download/word2003allinone00lowe/word2003allinone00lowe_marc.xml |
| Download MARC binary | https://www.archive.org/download/word2003allinone00lowe/word2003allinone00lowe_meta.mrc |
LEADER: 00951cam 2200265 a 4500
001 2004103151
003 DLC
005 20040720091411.0
008 040301s2004 njua 001 0 eng
010 $a 2004103151
020 $a0764571419 (pbk.)
040 $aDLC$cDLC$dDLC
050 00 $aZ52.5.M52$bL695 2004
082 00 $a005.52$222
100 1 $aLowe, Doug,$d1959-
245 10 $aWord 2003 all-in-one desk reference for dummies /$cby Doug Lowe.
260 $aHoboken, NJ :$bWiley Pub.,$cc2004.
300 $axxviii, 788 p. :$bill. ;$c24 cm.
440 0 $a--For dummies
500 $aIncludes index.
630 00 $aMicrosoft Word.
650 00 $aWord processing.
856 41 $3Table of contents$uhttp://www.loc.gov/catdir/toc/wiley041/2004103151.html
856 42 $3Contributor biographical information$uhttp://www.loc.gov/catdir/bios/wiley047/2004103151.html
856 42 $3Publisher description$uhttp://www.loc.gov/catdir/description/wiley041/2004103151.html